|
|
|
|
| LEADER |
00000nam0a2200000 4500 |
| 001 |
309254 |
| 005 |
20231102002155.0 |
| 035 |
|
|
|a (RuTPU)RU\TPU\book\334576
|
| 090 |
|
|
|a 309254
|
| 100 |
|
|
|a 20151111d1982 m y0rusy50 ca
|
| 101 |
0 |
|
|a rus
|
| 102 |
|
|
|a RU
|
| 105 |
|
|
|a a z 001ay
|
| 200 |
1 |
|
|a Воздушные пути : проза разных лет
|f Б. Л. Пастернак
|g Д. С. Лихачев ; С. С. Гришечкин
|
| 210 |
|
|
|a Москва
|c Советский писатель
|d 1982
|
| 215 |
|
|
|a 495 с.
|c ил.
|
| 320 |
|
|
|a Вступительная статья: с. 3-18
|
| 320 |
|
|
|a Библиогр.: с.
|
| 606 |
1 |
|
|a Русская литература современная
|2 stltpush
|3 (RuTPU)RU\TPU\subj\26373
|9 50316
|
| 610 |
1 |
|
|a художественная литература
|
| 610 |
1 |
|
|a рассказы
|
| 610 |
1 |
|
|a очерки
|
| 610 |
1 |
|
|a статьи
|
| 610 |
1 |
|
|a повести
|
| 675 |
|
|
|a Р2
|v 4
|
| 700 |
|
1 |
|a Пастернак
|b Б. Л.
|c русский писатель
|c поэт
|f 1890-1960
|g Борис Леонидович
|2 stltpush
|3 (RuTPU)RU\TPU\pers\456
|4 070
|9 223
|
| 702 |
|
1 |
|a Лихачев
|b Д. С.
|c российский литературовед и общественный деятель
|c академик РАН
|f 1906-1999
|g Дмитрий Сергеевич
|2 stltpush
|3 (RuTPU)RU\TPU\pers\14350
|9 4743
|
| 702 |
|
1 |
|a Гришечкин
|b С. С.
|4 770
|
| 801 |
|
1 |
|a RU
|b 63413507
|c 20151111
|
| 801 |
|
2 |
|a RU
|b 63413507
|c 20210414
|g RCR
|
| 942 |
|
|
|c BK
|